000 01553nka a2200337 i 4500
001 102971
003 ES-MaACL
005 20250821012008.0
007 t|
008 051222e1797 sp f | |r||1c|spa d
100 1 _aTrière, Philippe,
_d1756-ca. 1815
_eegr
_9111398
245 1 0 _aSan Pablo, primer ermitaño
_h[Material gráfico] /
_cJosep Rivera pinx ; Phi Triere sculp. 1797
260 _aMadrid :
_bSe hallará en la Calcografía de la Imprenta Real,
_c1797
300 _a1 estampa :
_bgrabado calcográfico ;
_c459 x 397 mm
490 1 _aColección facticia de grabados ;
_v24
_9184692
500 _aInscripción: "San Pablo, primer ermitaño, de Rivera: tiene cinco pies de alto por cinco de ancho, se ha trasladado del Real Palacio al Museo de Madrid"
530 _aDisponible en formato digital
594 _5Título del cuadro de Ribera: "San Pablo Ermitaño"
600 0 4 _aPablo de Tebas,
_cSanto
_988090
655 7 _aGrabados calcográficos
_2tgfbne
_9241761
655 7 _aGrabados
_2tgfbne
_9226846
655 4 _aReproducciones de obras de arte
_9241931
700 1 _aRibera, José de,
_d1591-1652
_eart
_996775
710 2 _aCalcografía de la Imprenta Real
_eedt
_9241806
830 0 _aColección facticia de grabados ;
_v24
_9184692
852 4 _aES-MaACL
_cDEPO2
_jGF-2(24)
856 4 _uhttps://bibliotecavirtual.larioja.org/bvrioja/es/consulta/registro.do?id=2046
_yVersión en línea
_z(Biblioteca Virtual de La Rioja)
942 _2udc
_cDIBGRB
_n0
999 _c102971
_d102971